[Event "HCL-E1505"]
[Site "www.playchess.de"]
[Date "2006.02.21"]
[Round "16"]
[White "Toni76"]
[Black "Sumpfkuh"]
[WhiteElo "1819"]
[BlackElo "1865"]
[PlyCount "58"]
[Result "0-1"]

1.d4 {Hallo, viel Spass!}  d5 {Hallo, aus 
Andernach, wünsche uns eine spannende und 
interessante Partie}  2.c4 {Hallo aus Dresden, 
werde versuchen das meinige dazu zu tun}  Nf6 
3.cxd5 Nxd5 4.e4 Nb6 5.Nf3 Bg4 6.Be2 e6 7.O-O Nc6 
8.Be3 Bd6 9.e5 Be7 10.Nc3 O-O 11.h3 Bh5 12.a3 Qd7 
13.Qd3 Bxf3 14.gxf3 f6 15.f4 Rad8 16.Rad1 Na5 
17.Kh2 {Frohe Weihnachten!}  Nac4 {Ich wünsche 
Ihnen weiterhin ein frohes Weihnachtsfest!}  
18.Bc1 {Wie kommt es eigentlich zu Deinem lustigen 
Namen?}  fxe5 {In meinem ersten Theaterstück 
spielte ich eine dicke Dame namens Frau Sumpf. Und 
da sie nicht gerade freundlich war wurde daraus 
"Die Sumpfkuh"und der Name ist mir als Pseudonym 
seither geblieben.}  19.fxe5 {Du bist 
Schauspielerin?}  c5 {War meine erste Rolle in der 
Theater AG der Schule, da musste ich eben ne 
Frauenrolle geben da nicht genug Damen vorhanden 
waren. Hat aber Spass gemacht. Hab aber das eigene 
Spielen ganz aufgegeben. Zu wenig Zeit.}  20.Qg3 
cxd4 21.Bh6 Bh4 22.Qxh4 gxh6 23.Ne4 Kh8 {(offering 
draw)}  24.Nf6 {mal schauen, ob noch was geht}  
Qe7 25.Qe4 Nxe5 26.Nxh7 Rf5 27.Rxd4 Rg8 28.f4 Qxh7 
29.fxe5 Qg7 0-1

[Event "HCL-A2516"]
[Site "www.playchess.de"]
[Date "2006.02.21"]
[Round "23"]
[White "schachsky"]
[Black "ippuli"]
[WhiteElo "1141"]
[BlackElo "1495"]
[PlyCount "98"]
[Result "0-1"]

1.e4 {~Have a nice game!}  e5 {Thank's! Same to 
you, too..}  2.Nf3 f5 3.d3 Nc6 4.Bg5 Nf6 5.Be2 Bc5 
6.O-O fxe4 7.Bxf6 Qxf6 8.dxe4 d6 9.Bc4 Nd4 10.Nxd4 
Bxd4 11.c3 Bb6 12.Nd2 Be6 13.Bxe6 Qxe6 14.b3 O-O 
15.c4 Rf6 16.Kh1 Rxf2 17.Rxf2 Bxf2 18.Qe2 Bd4 
19.Rf1 Qg6 20.Nf3 Rf8 21.Nxd4 Rxf1+ 22.Qxf1 exd4 
23.Qd3 c5 24.Qh3 Qxe4 25.Qc8+ Kf7 26.Qd7+ Qe7 
27.Qf5+ Qf6 28.Qd5+ Ke8 29.h3 h6 30.Qxb7 Qf1+ 
31.Kh2 d3 32.Qc8+ Kf7 33.Qd7+ Kg6 34.Qg4+ Kf7 
35.Qd7+ Kg8 36.Qxd6 Qe2 37.Qd5+ Kh8 38.Qf5 d2 
39.Qf8+ Kh7 40.Qf5+ Kg8 41.Qc8+ Kf7 42.Qf5+ Ke7 
43.Qxc5+ Kf6 44.Qf8+ Kg6 {How to check after 
45.Qd6+ Kh7 ??}  45.Qd6+ {that's the question ... 
-:), I don't know whether I've missed other, 
better checks in my moves before}  Kh7 46.Qf4 d1Q 
{Jipii...}  47.Qf5+ {it won't take long, I suppose 
... -:)}  Kg8 {Hope so...}  48.Qc8+ {I'm rather 
sure, but you understand I've to keep on checking 
you ...., otherwise you start checkmating me ... 
-:)}  Kf7 {You are right, as usual!!}  49.Qf5+ 
{-:)}  Ke7 {;o)}  0-1

[Event "HCL-E1582"]
[Site "www.playchess.de"]
[Date "2006.02.21"]
[Round "33"]
[White "chess50"]
[Black "Tarrega"]
[WhiteElo "2085"]
[BlackElo "1701"]
[PlyCount "44"]
[Result "0-1"]

1.e4 e6 {Hello again}  2.d4 d5 3.Nd2 Be7 4.Ngf3 
Nf6 5.e5 Nfd7 6.Bd3 c5 7.c3 Nc6 8.O-O a5 9.b3 a4 
10.bxa4 c4 11.Bc2 Qa5 12.Nb1 h6 13.Ba3 Nb6 14.Qc1 
Bd7 15.Qb2 Nxa4 16.Bxa4 Qxa4 17.Bxe7 Kxe7 18.Qxb7 
Rhc8 19.Qb2 Rcb8 20.Qc1 Na5 21.Na3 Nc6 22.Qb2 
Rxb2 0-1

[Event "HCL-B3891"]
[Site "www.playchess.de"]
[Date "2006.02.21"]
[Round "8"]
[White "Absoluter_Beginner"]
[Black "IRONMAIDEN"]
[WhiteElo "1869"]
[BlackElo "1270"]
[PlyCount "103"]
[Result "1-0"]

1.e4 e5 2.Nf3 Nc6 3.Bc4 Bc5 4.c3 Nf6 5.d4 exd4 
6.cxd4 Bb6 7.Nc3 O-O 8.Bg5 Qe8 9.Bxf6 gxf6 10.O-O 
Kh8 11.d5 Ne5 12.Bb3 d6 13.Nxe5 fxe5 14.Kh1 Rg8 
15.f4 Bd7 16.fxe5 dxe5 17.Qh5 Rg6 18.d6 Be6 
19.Bxe6 Qxe6 20.dxc7 Bxc7 21.Nd5 Bd6 22.Rf5 Rag8 
23.Qe2 R6xg2 24.Qxg2 Rxg2 25.Kxg2 Qg6+ 26.Kh1 Bc5 
27.Raf1 Bd4 28.b3 Qg4 29.Nf6 b5 30.Rh5 Qg6 
31.Rxh7+ Qxh7 32.Nxh7 Kxh7 33.Rxf7+ Kg6 34.Rb7 Kg5 
35.Rxb5 Kf4 36.Kg2 Kxe4 37.Kf1 Kd3 38.Ke1 e4 
39.Rd5 e3 40.Rxd4+ {schönes Spiel!}  Kxd4 {jaja. 
aber Dein Name passt nicht...}  41.Ke2 {die gute 
alte ttv-Regel (tarnen,täuschen,verpissen). Ich 
spiele seit (ca.) 10 Jahren Schach im Verein.}  a5 
{und ich verlier grad ein Schachspiel gegen einen 
absoluten Anfänger, hihi}  42.h4 {und ich gewinne 
gegen ne Heavy Metal Band ;-)}  Ke4 {gegen DIE HM 
Band}  43.h5 {ok, dann halt DIE HM Band, dann 
verlierst du aber auch gegen DEN Anfänger ;-)}  
Kf5 {hihi}  44.Kxe3 Kg5 45.Kd4 Kxh5 46.Kc5 Kg6 
47.Kb5 Kf6 48.Kxa5 Ke6 49.b4 Kd6 50.Ka6 Kc7 51.Ka7 
Kc6 52.a4 1-0

[Event "HCL-M890"]
[Site "www.playchess.de"]
[Date "2006.02.21"]
[Round "5"]
[White "maik42_"]
[Black "Eyechess"]
[WhiteElo "2196"]
[BlackElo "2026"]
[PlyCount "81"]
[Result "1/2-1/2"]

1.Nf3 {hi have fun}  Nf6 {hi, same to you}  2.g3 
{thx}  d5 3.Bg2 c6 4.O-O g6 5.d3 Bg7 6.Nbd2 O-O 
7.e4 dxe4 8.dxe4 Na6 9.Qe2 Nc5 10.Rd1 Qc7 11.Nc4 
Bg4 12.h3 Bxf3 13.Bxf3 Ne6 14.a4 Rad8 15.Be3 Rxd1+ 
16.Rxd1 b5 17.axb5 cxb5 18.Na3 a6 19.c3 Rd8 
20.Rxd8+ Nxd8 21.Bg2 Nc6 22.Nc2 Qc8 23.Nd4 e5 
24.Nb3 Nb8 25.Nc5 Bf8 26.Nd3 Nbd7 27.Bg5 Be7 28.f4 
Qc7 29.Kh2 Qc4 30.Qe3 exf4 31.gxf4 Kg7 32.Qd4 Nf8 
33.Qxc4 bxc4 34.Ne5 Ne6 35.Nxc4 Nxg5 36.fxg5 Nd7 
37.h4 f6 38.gxf6+ Kxf6 39.Kh3 h5 40.Na5 g5 
41.hxg5+ {(offering draw) well played} 
 1/2-1/2

[Event "HCL-E1531"]
[Site "www.playchess.de"]
[Date "2006.02.21"]
[Round "8"]
[White "cubs"]
[Black "Zafonic"]
[WhiteElo "1741"]
[BlackElo "1512"]
[PlyCount "71"]
[Result "1-0"]

1.e4 e6 2.d4 d5 3.Nc3 Bb4 4.exd5 exd5 5.Bd3 Nc6 
6.Nge2 Nge7 7.O-O Bg4 8.f3 Bf5 9.Bg5 Qd7 10.a3 Ba5 
11.Ng3 Bxc3 12.bxc3 O-O 13.Qd2 Bg6 14.Bxe7 Qxe7 
15.f4 f5 16.c4 Nxd4 17.cxd5 Qd6 18.Qc3 Qb6 19.Kh1 
Nb5 20.Qb4 c6 21.Rae1 a5 22.Qb1 Qc5 23.Bxb5 cxb5 
24.Re5 Rad8 25.Rd1 Rd6 26.Qb2 Rfd8 27.Qb3 a4 
28.Qd3 h6 29.Nxf5 Kh8 30.Qd4 Qxd4 31.Rxd4 R6d7 
32.Ne3 Kh7 33.f5 Bf7 34.g4 R7d6 35.h4 b6 
36.g5 1-0

[Event "HCL-E1552"]
[Site "www.playchess.de"]
[Date "2006.02.21"]
[Round "9"]
[White "Zafonic"]
[Black "Nimzoindianboy"]
[WhiteElo "1536"]
[BlackElo "1498"]
[PlyCount "40"]
[Result "0-1"]

1.e4 e6 2.d4 d5 3.e5 c5 4.c3 Nc6 5.Nf3 Qb6 6.a3 
cxd4 7.cxd4 Nge7 8.b4 Nf5 9.Bb2 a6 10.Be2 Be7 
11.O-O O-O 12.Qd2 Bd7 13.Rd1 Rac8 14.Nc3 Na7 15.h3 
a5 16.Na2 axb4 17.axb4 Nb5 18.Nc1 Rca8 19.Nb3 Qc7 
20.Nc5 b6 0-1

[Event "HCL-E1531"]
[Site "www.playchess.de"]
[Date "2006.02.21"]
[Round "9"]
[White "Zafonic"]
[Black "takesa"]
[WhiteElo "1512"]
[BlackElo "1564"]
[PlyCount "54"]
[Result "0-1"]

1.Nf3 Nf6 2.d4 d5 3.c3 e6 4.Nbd2 c5 5.e3 Nc6 6.Bd3 
Bd6 7.O-O O-O 8.Qe2 cxd4 9.e4 dxe4 10.Nxe4 dxc3 
11.Nxc3 Nb4 12.Bb1 b5 13.Nxb5 Ba6 14.a4 Qa5 15.Bd2 
Qb6 16.Bc3 Nbd5 17.Bd4 Bc5 18.Bc2 Rac8 19.Bd3 Rfd8 
20.a5 Qb7 21.Be5 Be7 22.h3 Nb4 23.Bxf6 Bxf6 24.Bc4 
Nd5 25.Rab1 Rxc4 26.Qxc4 Bxb5 27.Qb3 
a6 0-1

[Event "HCL-A2588"]
[Site "www.playchess.de"]
[Date "2006.02.21"]
[Round "7"]
[White "dynamike"]
[Black "victorabiodun03"]
[WhiteElo "1442"]
[BlackElo "1378"]
[PlyCount "54"]
[Result "0-1"]

1.e4 e6 2.d4 d5 3.Nc3 Nf6 4.e5 Nfd7 5.Be2 c5 6.f4 
Nc6 7.Nf3 Qb6 8.Na4 Qa5+ 9.c3 cxd4 10.Nxd4 Nxd4 
11.Qxd4 b5 12.b3 bxa4 13.b4 Qb6 14.Bd2 Qxd4 
15.cxd4 Nb6 16.Bb5+ Bd7 17.Bxd7+ Kxd7 18.O-O Be7 
19.a3 Rhc8 20.Rac1 Nc4 21.Rc2 Nxa3 22.Ra2 Nc4 
23.Be1 a3 24.f5 Ne3 25.fxe6+ Kxe6 26.Rf3 Nc4 
27.Bg3 Bxb4 0-1

[Event "HCL-E1525"]
[Site "www.playchess.de"]
[Date "2006.02.21"]
[Round "14"]
[White "Spotsychess"]
[Black "Toni76"]
[WhiteElo "1474"]
[BlackElo "1840"]
[PlyCount "54"]
[Result "0-1"]

1.e4 c5 {Hi, good luck.}  2.Nc3 {Youn too}  d6 
3.d3 e6 4.Nf3 Nc6 5.Be2 Nf6 {merry christmas!}  
6.O-O {Merry Christmas to you and your family}  
Be7 7.Be3 O-O 8.h3 e5 9.Nd5 Be6 10.c4 Nd4 11.a3 
Nxd5 12.cxd5 Nxf3+ 13.Bxf3 Bd7 14.b4 b6 15.Qd2 f5 
16.exf5 Bxf5 17.Be4 Qe8 18.g4 Bd7 19.f4 exf4 
20.Rxf4 Rxf4 21.Bxf4 Bf6 22.Re1 Qf8 23.Qh2 Bd4+ 
24.Be3 Be5 25.Qf2 Qe7 26.Qe2 Qh4 27.Bg2 
Qg3 0-1

[Event "HCL-B3862"]
[Site "www.playchess.de"]
[Date "2006.02.21"]
[Round "4"]
[White "ama49"]
[Black "pytolo98"]
[WhiteElo "1162"]
[BlackElo "1218"]
[PlyCount "74"]
[Result "0-1"]

1.e4 {Hello again
}  e5 {Ciao, Good Luck}  2.Nf3 Qf6 3.Nc3 c6 4.d4 
exd4 5.Qxd4 Qe6 6.Bc4 Qg6 7.O-O b6 8.Ng5 Nh6 
9.Qe5+ Be7 10.Qc7 Na6 11.Qe5 f6 12.Qf4 fxg5 13.Qe5 
d6 14.Qg3 Nc5 15.h3 Be6 16.Bxe6 Nxe6 17.f4 gxf4 
18.Qxg6+ hxg6 19.Bxf4 g5 20.Be3 O-O-O 21.Rad1 Kc7 
22.g3 Ng8 23.Kg2 g6 24.g4 Bf6 25.Ne2 Bxb2 26.Rdb1 
Ba3 27.Rb3 Bc5 28.Bxc5 Nxc5 29.Re3 Re8 30.Ng3 Ne7 
31.e5 dxe5 32.Rxe5 Rh6 33.Rxg5 Nd5 34.Rf7+ Nd7 
35.Kf2 Rxh3 36.Rxg6 Rh2+ 37.Kf3 
Re3+ 0-1

[Event "HCL-T255"]
[Site "www.playchess.de"]
[Date "2006.02.22"]
[Round "5"]
[White "abebebikila"]
[Black "taroak"]
[WhiteElo "1724"]
[BlackElo "1458"]
[PlyCount "64"]
[Result "0-1"]

1.e4 e5 2.Nf3 Nc6 3.Bb5 a6 4.Ba4 d6 5.c3 Bd7 6.d3 
Nge7 7.O-O g6 8.Ng5 Bg7 9.f4 h6 10.Nf3 O-O 11.Qe1 
Kh7 12.Bc2 f5 13.Nh4 Bf6 14.fxe5 dxe5 15.exf5 Nxf5 
16.Nxg6 Kxg6 17.d4 Bg5 18.g4 Bxc1 19.Qxc1 Qg5 
20.Qxg5+ Kxg5 21.gxf5 Bxf5 22.Rxf5+ Rxf5 23.Bxf5 
Kxf5 24.dxe5 Rd8 25.Na3 Rd2 26.Nc4 Re2 27.Rf1+ Kg5 
28.Rf7 b5 29.Rxc7 bxc4 30.Rxc6 Rxb2 31.Rxa6 h5 
32.h4+ Kxh4 0-1

[Event "HCL-A2543"]
[Site "www.playchess.de"]
[Date "2006.02.22"]
[Round "29"]
[White "bossjos"]
[Black "alvimrf"]
[WhiteElo "1202"]
[BlackElo "1784"]
[PlyCount "46"]
[Result "0-1"]

1.e4 c5 2.Nf3 Nc6 3.Bb5 Nf6 4.Nc3 a6 5.Bxc6 bxc6 
6.d4 cxd4 7.Nxd4 e5 8.Nb3 Bb4 9.Bd2 O-O 10.O-O Re8 
11.Re1 d5 12.exd5 cxd5 13.a3 Bxc3 14.Bxc3 d4 
15.Ba5 Qd5 16.Qd3 Bb7 17.Qh3 Re6 18.Rad1 Rc8 
19.Re2 Nh5 20.Bd2 Rxc2 21.Rb1 Nf4 22.Bxf4 Rxe2 
23.Bg3 Rh6 0-1

[Event "HCL-M862"]
[Site "www.playchess.de"]
[Date "2006.02.22"]
[Round "1"]
[White "Lan"]
[Black "TigerLilly"]
[WhiteElo "2038"]
[BlackElo "2090"]
[PlyCount "65"]
[Result "1/2-1/2"]

1.e4 {hi from Slovenia and good luck:}  e5 {Hi 
from Port Elizabeth, South Africa.  Good luck 2 u 
2!}  2.Nf3 Nf6 3.Nxe5 d6 4.Nf3 Nxe4 5.d4 d5 6.Bd3 
Be7 7.Nc3 Nxc3 8.bxc3 c5 9.O-O c4 10.Be2 Bd6 
11.Ne5 {Merry Christmas and may God Bless you and 
your family!}  O-O {Merry Xmas!}  12.Bf3 Be6 
13.Rb1 Qc7 14.Re1 Nc6 15.Bf4 Rae8 16.Bg3 Ne7 
17.Ng4 Bxg3 {Happy new year and all the best for 
2006!}  18.hxg3 {I wish you a very good 2006 !!}  
b6 19.Ne3 Qd7 20.Qc1 Nf5 21.Nf1 Qd6 22.Ne3 Nxe3 
23.Qxe3 Qd7 24.Qf4 f6 25.g4 Bf7 26.Qf5 Qd6 27.g5 
g6 28.Qxf6 Re6 29.Rxe6 Bxe6 30.Qe5 Qxe5 31.dxe5 
Rf5 32.Bg4 Rxe5 33.f4 {(offering draw)} 
 1/2-1/2

[Event "HCL-C4097"]
[Site "www.playchess.de"]
[Date "2006.02.22"]
[Round "5"]
[White "Flab"]
[Black "Kaspov"]
[WhiteElo "1016"]
[BlackElo "814"]
[PlyCount "50"]
[Result "0-1"]

1.e4 e5 2.a4 Nf6 3.a5 Nxe4 4.Qe2 d5 5.Nc3 Nxc3 
6.bxc3 Bc5 7.Kd1 Nd7 8.d4 Bd6 9.Nh3 Nf6 10.f4 Bg4 
11.a6 {oops}  Bxe2+ 12.Bxe2 b6 13.Bb5+ Nd7 14.Re1 
e4 15.Bc6 Rb8 16.g3 O-O 17.Bxd5 Nf6 18.Bc4 Qd7 
19.Ng5 h6 20.Nxe4 Nxe4 21.Rxe4 Qh3 22.Re2 Qf1+ 
23.Kd2 Rbe8 24.Bb2 Rxe2+ 25.Kd3 
Qf3+ 0-1

[Event "HCL-C4061"]
[Site "www.playchess.de"]
[Date "2006.02.22"]
[Round "9"]
[White "IRONMAIDEN"]
[Black "mothball"]
[WhiteElo "1393"]
[BlackElo "1292"]
[PlyCount "87"]
[Result "1/2-1/2"]

1.e4 {HI!
}  c5 {good luck}  2.Bc4 {good luck!}  e6 3.d3 d5 
4.exd5 exd5 5.Bb3 Nf6 6.Bg5 Be7 7.Ba4+ Bd7 8.Bxd7+ 
Qxd7 9.Nf3 Nc6 10.O-O O-O 11.Nc3 Rfe8 12.Qd2 Qd6 
13.Ne2 Ne5 14.Nxe5 Qxe5 15.Bxf6 Bxf6 16.Nc3 Bg5 
17.Qd1 a6 18.Re1 Qd6 19.Qg4 Bd2 20.Re2 Rxe2 
21.Nxe2 Qe5 22.c3 Re8 23.Ng3 Bf4 24.a3 Bxg3 
25.hxg3 h5 26.Qf4 Qe2 27.Qf3 Qxb2 28.Qd1 Qxc3 
29.a4 Qd4 30.a5 Re2 31.Qxe2 Qxa1+ 32.Kh2 Qxa5 
33.Qe8+ Kh7 34.Qxf7 Qd8 35.Qxh5+ Kg8 36.g4 b5 
37.Kg1 b4 38.Qe5 b3 39.Qe6+ Kh8 40.Qxa6 c4 41.dxc4 
dxc4 42.Qxc4 Qd1+ 43.Kh2 b2 44.Qc8+ {(offering 
draw)}  1/2-1/2

[Event "HCL-C4154"]
[Site "www.playchess.de"]
[Date "2006.02.22"]
[Round "9"]
[White "Veltliner"]
[Black "epenz"]
[WhiteElo "800"]
[BlackElo "951"]
[PlyCount "63"]
[Result "1-0"]

1.e3 e5 2.Nc3 d6 3.Bc4 Nc6 4.a3 Nf6 5.d3 Be7 
6.Nge2 O-O 7.f3 a6 8.O-O h6 9.Ng3 b5 10.Ba2 Bb7 
11.Qe1 Qd7 12.e4 Nd4 13.Qf2 c6 14.Nd1 d5 15.c3 Ne6 
16.Nf5 Rfe8 17.Qg3 g6 18.Nxh6+ Kf8 19.Qxe5 Ng7 
20.Kh1 Ng8 21.Nxg8 Kxg8 22.Bh6 f6 23.Qg3 g5 
24.Bxg7 Kxg7 25.Ne3 Bc5 26.Nf5+ Kf7 27.Rad1 Reh8 
28.d4 Be7 29.Rde1 Bc8 30.Nxe7 Kxe7 31.exd5+ Kf7 
32.dxc6+ 1-0

[Event "HCL-E1526"]
[Site "www.playchess.de"]
[Date "2006.02.22"]
[Round "11"]
[White "PieceSeeker3"]
[Black "PLAYCHESS1963"]
[WhiteElo "1585"]
[BlackElo "1725"]
[PlyCount "58"]
[Result "1/2-1/2"]

1.e4 c5 2.Nf3 d6 3.Bc4 e6 4.c3 a6 5.d4 b5 6.Be2 
Be7 7.O-O Bb7 8.Be3 Nd7 9.d5 e5 10.c4 b4 11.a3 
Ngf6 12.Bd3 O-O 13.Nbd2 Ng4 14.axb4 Nxe3 15.fxe3 
cxb4 16.b3 Nc5 17.Bc2 Bc8 18.h3 Qb6 19.Re1 f5 
20.Kh1 fxe4 21.Nxe4 Bf5 22.Nxc5 Qxc5 23.e4 Bd7 
24.Rf1 a5 25.Qd3 Rf7 26.Ra2 Raf8 27.Rfa1 Bd8 
28.Rf1 Bb6 29.Bd1 Qc8 {(offering draw)} 
 1/2-1/2

[Event "HCL-C3998"]
[Site "www.playchess.de"]
[Date "2006.02.22"]
[Round "9"]
[White "Prab"]
[Black "sarx"]
[WhiteElo "800"]
[BlackElo "1209"]
[PlyCount "57"]
[Result "1-0"]

1.e4 e6 2.d4 d5 3.Qd3 c5 4.c3 Nc6 5.dxc5 Bxc5 
6.Qg3 Bf8 7.Bd3 Nf6 8.Na3 g6 9.Nb5 e5 10.exd5 Qxd5 
11.Nc7+ Ke7 12.Nxd5+ Nxd5 13.Qf3 Bg7 14.Qxd5 Rd8 
15.Qc5+ Ke8 16.Bb5 Bd7 17.a4 Bf8 18.Qe3 a6 19.Bxc6 
Bxc6 20.Qxe5+ Be7 21.Qh8+ Kd7 22.Qxh7 Rdh8 23.Qg7 
Rhf8 24.Nf3 Rfe8 25.Ne5+ Kd8 26.Nxf7+ Kd7 27.Ne5+ 
Kd8 28.O-O Rc8 29.Qxg6 1-0

[Event "HCL-B3865"]
[Site "www.playchess.de"]
[Date "2006.02.22"]
[Round "2"]
[White "DOSANJOS"]
[Black "Corak"]
[WhiteElo "1200"]
[BlackElo "1200"]
[PlyCount "26"]
[Result "0-1"]

1.e4 d6 2.Bb5+ Nc6 3.Nf3 a6 4.Ba4 e6 5.O-O d5 
6.Nc3 Bc5 7.d3 Qd6 8.Be3 d4 9.b4 e5 10.bxc5 Qg6 
11.Nd5 Bh3 12.Nxc7+ Kf8 13.Nxa8 
Qxg2+ 0-1

[Event "HCL-E1519"]
[Site "www.playchess.de"]
[Date "2006.02.22"]
[Round "21"]
[White "PLAYCHESS1963"]
[Black "Eishockeytorwart"]
[WhiteElo "1761"]
[BlackElo "1944"]
[PlyCount "108"]
[Result "0-1"]

1.e4 e5 2.Nf3 Nc6 3.Bb5 a6 4.Bxc6 dxc6 5.d3 Bc5 
6.O-O f6 7.Be3 Bxe3 8.fxe3 Ne7 9.Nc3 O-O 10.Ne2 
Be6 11.d4 Qd6 12.dxe5 fxe5 {merry Christmas}  
13.Qe1 {to You  too}  Qc5 14.Qc3 Qxc3 15.Nxc3 Ng6 
16.Na4 b6 17.b3 c5 18.Nb2 Bd7 19.Rad1 Bb5 20.Nd3 
c4 21.a4 cxd3 22.axb5 dxc2 23.Rdc1 axb5 24.Rxc2 c5 
25.Rd1 Rad8 26.Rd5 Rxd5 27.exd5 e4 28.Ng5 Rf5 
29.Nxe4 Rxd5 30.Nc3 Rd3 31.Nxb5 Rxb3 32.Nc3 b5 
33.Kf2 c4 34.Nd5 Kf7 35.h3 Ke6 36.Nc7+ Kd7 37.Nxb5 
Rxb5 38.Rxc4 Rb2+ 39.Kg1 Ne7 40.Ra4 Kd6 41.Ra7 Re2 
42.Ra3 Nf5 43.Ra7 Rxe3 44.g4 Ne7 45.Kg2 Ke6 46.Rb7 
g5 47.Ra7 Kf6 48.Rb7 h6 49.Rb6+ Re6 50.Rb8 Nd5 
51.Rb3 Kg6 52.Ra3 h5 53.gxh5+ Kxh5 54.Ra8 
Nf4+ 0-1

[Event "HCL-E1556"]
[Site "www.playchess.de"]
[Date "2006.02.22"]
[Round "11"]
[White "Inge_Heumann"]
[Black "Emerson"]
[WhiteElo "1682"]
[BlackElo "1766"]
[PlyCount "41"]
[Result "1-0"]

1.e4 e5 {:-)}  2.f4 {Hello, let's have a nice 
game!}  Qe7 {aah, the same to you...}  3.Nc3 c6 
4.Nf3 d6 5.Bc4 h6 6.d3 Nf6 7.O-O Bg4 8.Qe1 exf4 
9.Bxf4 Bxf3 10.Rxf3 Nbd7 11.d4 O-O-O 12.Rd1 g5 
13.Bg3 b5 14.Bd3 Nh5 15.d5 Nxg3 16.Rxg3 b4 17.dxc6 
Ne5 18.Ba6+ Kb8 19.Nd5 Nxc6 {:-((}  20.Nxe7 Bxe7 
21.Qe2 1-0

[Event "HCL-A2527"]
[Site "www.playchess.de"]
[Date "2006.02.22"]
[Round "32"]
[White "zemljanin"]
[Black "seisan"]
[WhiteElo "1437"]
[BlackElo "1491"]
[PlyCount "91"]
[Result "1/2-1/2"]

1.d4 {hello}  d5 {hello}  2.c4 c6 3.c5 Nf6 4.Nc3 
e6 5.Bg5 Nbd7 6.b4 Be7 7.a4 O-O 8.f3 e5 9.e3 exd4 
10.exd4 Re8 11.Be2 b6 12.Nh3 bxc5 13.bxc5 a5 
14.O-O Nf8 15.Nf2 Ng6 16.Rb1 Ba6 17.Rb6 Bxe2 
18.Nxe2 Qc7 19.Qd3 Nd7 20.Bxe7 Nxb6 21.cxb6 Qxe7 
22.Nc3 Qe3 23.Rd1 Qxd3 24.Nxd3 Rab8 25.Rb1 Re3 
26.Nc5 Rxc3 27.b7 Rxc5 28.dxc5 Ne5 29.Rb6 g5 
30.Kf1 Kf8 31.Ke2 Ke7 32.Kd1 Kd7 33.Kc2 Nc4 34.Rb3 
Kc7 35.f4 h6 36.Rh3 Rxb7 37.Rxh6 Rb2+ 38.Kc3 Rxg2 
39.fxg5 Rxg5 40.Rf6 Ne5 41.Kd4 Kd7 42.h4 Rh5 
43.Rf1 Rxh4+ 44.Kxe5 Rxa4 45.Rxf7+ Ke8 46.Ra7 
{(offering draw)}  1/2-1/2

[Event "HCL-E1582"]
[Site "www.playchess.de"]
[Date "2006.02.22"]
[Round "10"]
[White "ippuli"]
[Black "Tarrega"]
[WhiteElo "1608"]
[BlackElo "1701"]
[PlyCount "70"]
[Result "0-1"]

1.e4 {Hello! Good luck...}  e6 {you 
too
you too}  2.d4 d5 3.e5 c5 4.Qg4 Qa5+ 5.Bd2 Nh6 
6.Qxe6+ fxe6 7.Bxa5 cxd4 8.Nf3 b6 9.Bd2 Nf5 10.Bd3 
Nc6 11.O-O Bd7 12.Re1 g6 13.Bg5 Nb4 14.Bf6 Bg7 
15.Bxf5 Bxf6 16.exf6 gxf5 17.Nxd4 Kf7 18.a3 Nc6 
19.Nf3 Kxf6 20.Nbd2 e5 21.c3 Rhg8 22.b4 a6 23.c4 
e4 24.Nh4 d4 25.b5 axb5 26.cxb5 Ne5 27.a4 Rg4 
28.g3 Rag8 29.f3 Rxh4 30.fxe4 {OOPpss}  f4 31.Ref1 
Ke7 32.Nf3 Nxf3+ 33.Kf2 fxg3+ 34.Kxf3 gxh2 35.Rad1 
Bg4+ 0-1

[Event "HCL-C4130"]
[Site "www.playchess.de"]
[Date "2006.02.22"]
[Round "34"]
[White "sweendog"]
[Black "handrej68"]
[WhiteElo "721"]
[BlackElo "1279"]
[PlyCount "22"]
[Result "0-1"]

1.e4 d6 2.d4 Nf6 3.Bd3 c6 4.Nf3 Bg4 5.O-O e5 
6.dxe5 dxe5 7.Qd2 Bxf3 8.gxf3 Nh5 9.c4 Nf4 10.b3 
Qg5+ 11.Kh1 Qg2+ 0-1

[Event "HCL-B3881"]
[Site "www.playchess.de"]
[Date "2006.02.22"]
[Round "15"]
[White "mitke"]
[Black "Mosselman"]
[WhiteElo "1291"]
[BlackElo "1345"]
[PlyCount "56"]
[Result "0-1"]

1.e4 c5 2.Nc3 Nc6 3.g3 Nf6 4.Bg2 g6 5.f4 d6 6.Nf3 
Bg4 7.h3 Bxf3 8.Bxf3 Nd4 9.b3 Bg7 10.Bb2 Nxf3+ 
11.Qxf3 O-O 12.O-O-O a6 13.g4 b5 14.Nd5 e6 15.Ne3 
d5 16.e5 Nd7 17.h4 Qa5 18.Kb1 d4 19.Ng2 Nb6 20.Ne1 
Nd5 21.a3 Rfc8 22.Rh3 c4 23.b4 Qb6 24.Qe4 c3 
25.Ba1 a5 26.dxc3 dxc3 27.Rxd5 exd5 28.Qxd5 
axb4 0-1

[Event "HCL-B3853"]
[Site "www.playchess.de"]
[Date "2006.02.22"]
[Round "7"]
[White "speedmat"]
[Black "GMO"]
[WhiteElo "1374"]
[BlackElo "1361"]
[PlyCount "29"]
[Result "1-0"]

1.d4 {Hi, have fun}  d5 {Oi, divirta-se também!}  
2.Nf3 Nc6 3.Bf4 e6 4.e3 Be7 5.c3 Nf6 6.Bd3 O-O 
7.Nbd2 h6 8.O-O a6 9.Re1 Re8 10.e4 dxe4 11.Nxe4 
Nxe4 12.Bxe4 Na5 13.Bc2 Nc4 14.Qd3 Nd6 
15.Qh7+ 1-0

[Event "HCL-B3840"]
[Site "www.playchess.de"]
[Date "2006.02.22"]
[Round "7"]
[White "Bense"]
[Black "sonnyspock"]
[WhiteElo "1089"]
[BlackElo "1158"]
[PlyCount "66"]
[Result "0-1"]

1.e4 e6 2.d3 d5 3.Ne2 c5 4.Nd2 Nc6 5.f3 Nf6 6.exd5 
exd5 7.Nf4 Bd6 8.Nb3 O-O 9.g3 b5 10.Bd2 Re8+ 
11.Ne2 Be6 12.Bf4 Bxf4 13.gxf4 c4 14.dxc4 bxc4 
15.Nd2 d4 16.Ng3 Bh3+ 17.Kf2 Bxf1 18.Rxf1 d3 19.c3 
Nd5 20.Nxc4 Nb6 21.Ne4 Nxc4 22.Kg1 Ne3 23.Qa4 Nxf1 
24.Qxc6 d2 25.Qa4 Ne3 26.Nf2 Rb8 27.b4 Qh4 28.Qxa7 
Qxf4 29.a4 Qg5+ 30.Ng4 Nxg4 31.fxg4 Qxg4+ 32.Kh1 
Re1+ 33.Rxe1 dxe1Q+ 0-1

[Event "HCL-B3785"]
[Site "www.playchess.de"]
[Date "2006.02.22"]
[Round "16"]
[White "GMO"]
[Black "handrej68"]
[WhiteElo "1304"]
[BlackElo "1437"]
[PlyCount "84"]
[Result "0-1"]

1.e4 c6 2.Bc4 d5 3.exd5 cxd5 4.Bb3 Nf6 5.Nf3 Bg4 
6.h3 Bxf3 7.Qxf3 e6 8.O-O Nc6 9.Ba4 Qc7 10.Qc3 Be7 
11.Bxc6+ Qxc6 12.Qxc6+ bxc6 13.d3 Kd7 14.Nc3 h6 
15.a3 c5 16.Bd2 Rhb8 17.b3 Kc6 18.a4 a5 19.Nb5 Nd7 
20.Rae1 Nb6 21.Bf4 Rb7 22.Be5 f6 23.Bg3 e5 24.c4 
dxc4 25.dxc4 Rd8 26.Red1 Rbd7 27.Rxd7 Rxd7 28.Nc3 
Rd3 29.Nb5 Rxb3 30.f3 Nxc4 31.Rc1 Rb4 32.Nc3 Nb6 
33.Ra1 c4 34.Be1 Bc5+ 35.Kf1 Nd5 36.Nxd5 Kxd5 
37.Bxb4 axb4 38.Ke2 b3 39.Kd1 c3 40.a5 c2+ 41.Kc1 
Be3+ 42.Kb2 Kc4 0-1

[Event "HCL-E1542"]
[Site "www.playchess.de"]
[Date "2006.02.22"]
[Round "2"]
[White "Bauarbeiter"]
[Black "alldrix"]
[WhiteElo "1805"]
[BlackElo "1598"]
[PlyCount "82"]
[Result "0-1"]

1.d4 {Hi. Nice to meet you again.}  e6 {hi!!!}  
2.c4 f5 3.Nc3 Nf6 4.Bg5 Be7 5.Nf3 O-O 6.e3 c6 
7.Be2 d5 8.c5 Ne4 9.Bxe7 Qxe7 10.Qc2 Bd7 11.Ne5 
Be8 12.O-O Nd7 13.Nd3 Qg5 14.f4 Qh4 15.Nxe4 fxe4 
16.Ne5 Nxe5 17.fxe5 Bh5 18.g3 Qg5 19.Qd2 Bg6 
20.Rf4 Rxf4 21.exf4 Qe7 22.b4 a6 23.a4 Qe8 24.Bg4 
h5 25.Bh3 Qf7 26.Ra3 Bf5 27.Bf1 Qg6 28.Rb3 h4 
29.b5 axb5 30.axb5 Ra1 31.Qb2 Rd1 32.bxc6 bxc6 
33.Kf2 h3 34.Qc3 Bg4 35.Rb8+ Kh7 36.Qe3 Ra1 37.Rb6 
Ra2+ 38.Kg1 Bf3 39.Qe1 e3 40.Rb3 Qc2 41.Qb1 
e2 0-1

[Event "HCL-B3858"]
[Site "www.playchess.de"]
[Date "2006.02.22"]
[Round "6"]
[White "djpnola"]
[Black "seisan"]
[WhiteElo "1109"]
[BlackElo "1392"]
[PlyCount "82"]
[Result "0-1"]

1.f4 {Hello.}  Nc6 {hi}  2.Nf3 d6 3.d4 Nf6 4.Nc3 
d5 5.e3 Bg4 6.Be2 e6 7.Ne5 Bxe2 8.Qxe2 Bb4 9.Bd2 
Bxc3 10.Bxc3 Ne4 11.Qh5 Nxe5 12.fxe5 c6 13.O-O O-O 
14.a3 b5 15.Be1 g6 16.Qe2 Qg5 17.Bf2 f5 18.h4 Qh6 
19.Rad1 f4 20.exf4 Qxf4 21.Be3 Qxh4 22.Rxf8+ Rxf8 
23.Rf1 Rxf1+ 24.Qxf1 Ng3 25.Qe1 Qh1+ 26.Kf2 Ne4+ 
27.Ke2 Qxg2+ 28.Kd3 Qf3 29.c3 g5 30.b3 g4 31.c4 g3 
32.cxd5 exd5 33.e6 Kf8 34.Qb4+ Ke8 35.a4 Qd1+ 
36.Bd2 Qxd2+ 37.Qxd2 Nxd2 38.Kxd2 g2 39.axb5 cxb5 
40.Kc3 a5 41.b4 a4 0-1